All Major North American Pro Sports Teams (Men’s & Women’s) - Statistics

General Stats
  • This quiz has been taken 233 times
  • The average score is 115 of 179
Answer Stats
Name % Correct
New England Patriots
86%
New York Giants
86%
New York Jets
86%
San Francisco 49ers
86%
Arizona Cardinals
84%
Carolina Panthers
84%
Kansas City Chiefs
84%
San Francisco Giants
84%
Winnipeg Jets
84%
Buffalo Bills
83%
Chicago Bears
83%
Connecticut Sun
83%
Florida Panthers
83%
Green Bay Packers
83%
Los Angeles Lakers
83%
Philadelphia 76ers
83%
Philadelphia Eagles
83%
Seattle Seahawks
83%
St. Louis Cardinals
83%
Washington Commanders
83%
Cincinnati Reds
81%
Detroit Lions
81%
Jacksonville Jaguars
81%
Boston Celtics
80%
Chicago Bulls
80%
Chicago Red Stars
80%
Cleveland Browns
80%
Pittsburgh Steelers
80%
Atlanta Hawks
78%
Baltimore Ravens
78%
Brooklyn Nets
78%
Cincinnati Bengals
78%
Indianapolis Colts
78%
New Orleans Saints
78%
New York Knicks
78%
Toronto Raptors
78%
Atlanta Falcons
77%
Dallas Cowboys
77%
Denver Broncos
77%
Denver Nuggets
77%
Golden State Warriors
77%
Las Vegas Raiders
77%
Los Angeles Rams
77%
Miami Dolphins
77%
Miami Heat
77%
Minnesota Vikings
77%
Phoenix Suns
77%
Tampa Bay Buccaneers
77%
Tennessee Titans
77%
Utah Jazz
77%
Washington Wizards
77%
Boston Red Sox
75%
Chicago White Sox
75%
Dallas Stars
75%
Indiana Pacers
75%
Los Angeles Angels
75%
Los Angeles Clippers
75%
Los Angeles Dodgers
75%
Milwaukee Bucks
75%
Minnesota Timberwolves
75%
New Orleans Pelicans
75%
Orlando Magic
75%
Utah Royals
75%
Atlanta Braves
74%
Charlotte Hornets
74%
Chicago Cubs
74%
Cleveland Cavaliers
74%
Dallas Mavericks
74%
Detroit Pistons
74%
Detroit Tigers
74%
Houston Rockets
74%
Houston Texans
74%
Portland Trailblazers
74%
Toronto Blue Jays
74%
Kansas City Royals
72%
New York Yankees
72%
Oklahoma City Thunder
72%
San Antonio Spurs
72%
San Jose Sharks
72%
Los Angeles Chargers
71%
New York Rangers
71%
Oakland Athletics
71%
Philadelphia Phillies
71%
Pittsburgh Penguins
71%
San Diego Padres
71%
Seattle Kraken
71%
Seattle Mariners
71%
Texas Rangers
71%
Arizona Diamondbacks
70%
Los Angeles Kings
70%
Memphis Grizzlies
70%
New York Mets
70%
Pittsburgh Pirates
70%
Sacramento Kings
70%
Washington Capitals
70%
Chicago Blackhawks
68%
Montreal Canadiens
68%
St. Louis Blues
68%
Toronto Maple Leafs
68%
Vegas Golden Knights
68%
Boston Bruins
67%
Miami Marlins
67%
Ottawa Senators
67%
Washington Nationals
67%
Buffalo Sabres
65%
Colorado Rockies
65%
Houston Astros
65%
New York Islanders
65%
Vancouver Canucks
65%
Baltimore Orioles
64%
Carolina Hurricanes
64%
Cleveland Guardians
64%
Edmonton Oilers
64%
Milwaukee Brewers
64%
Philadelphia Flyers
64%
Tampa Bay Lightning
64%
Los Angeles Sparks
62%
Minnesota Twins
62%
New Jersey Devils
62%
Anaheim Ducks
61%
Colorado Avalanche
61%
Detroit Red Wings
61%
New York Liberty
61%
Arizona Coyotes
59%
Calgary Flames
59%
Los Angeles Galaxy
59%
Minnesota Wild
59%
Chicago Sky
58%
Columbus Blue Jackets
58%
Nashville Predators
58%
Seattle Storm
57%
Tampa Bay Rays
57%
Las Vegas Aces
55%
Chicago Fire FC
54%
Indiana Fever
54%
Washington Mystics
52%
Dallas Wings
51%
Los Angeles FC
51%
New York Red Bulls
51%
Seattle Sounders FC
49%
Columbus Crew
48%
Portland Timbers
48%
Atlanta Dream
46%
Inter Miami CF
46%
Minnesota Lynx
46%
Toronto FC
45%
CF Montréal
43%
Houston Dynamo FC
42%
Phoenix Mercury
42%
D.C. United
41%
Orlando Pride
41%
Philadelphia Union
41%
Real Salt Lake
41%
New England Revolution
39%
San Jose Earthquakes
39%
Vancouver Whitecaps FC
39%
New York City FC
38%
NJ/NY Gotham FC
38%
Sporting Kansas City
38%
Colorado Rapids
36%
Portland Thorns FC
36%
Washington Spirit
36%
FC Dallas
35%
San Diego Wave FC
35%
Atlanta United FC
33%
Charlotte FC
33%
Orlando City SC
33%
Angel City FC
30%
Austin FC
30%
Houston Dash
30%
Kansas City Current
30%
Minnesota United FC
30%
Nashville SC
30%
FC Cincinnati
28%
Seattle Reign FC
28%
Bay FC
26%
North Carolina Courage
26%
Racing Louisville FC
26%
St. Louis City SC
26%
No matching quizzes found
Score Distribution
Percent of People with Each Score
Percentile by Number Answered
Your Score History
You have not taken this quiz